000 00551nam a2200193 a 4500
001 24158
003 CO-ViMGA
008 141112s2004 ck r 000 u spa d
020 _a9789580510154
040 _aCO-ViMGA
_bspa
_cCO-ViMGA
082 0 4 _a507J177c7
100 1 _aJaramillo, Maria Helena
_935203
245 1 0 _aCiencias experimental 7 /
_cMaria Helena Jaramillo
260 _aColombia. Educar
300 _a168p.
650 1 4 _aCIENCIA - ENSEÑANZA SECUNDARIA
_935204
650 1 4 _aMATEMATICAS - ENSEÑANZA SECUNDARIA
_930234
942 _2ddc
_cBK
999 _c10298
_d10298